<?xml version="1.0" encoding="UTF-8"?>
<collection xmlns="http://www.loc.gov/MARC21/slim">
 <record>
  <leader>01145nam a2200229 a 4500</leader>
  <controlfield tag="001">1/53104</controlfield>
  <controlfield tag="008">210811s1994    gr a     b    000 | gre d</controlfield>
  <datafield tag="020" ind1=" " ind2=" ">
   <subfield code="a">9607349040</subfield>
  </datafield>
  <datafield tag="040" ind1=" " ind2=" ">
   <subfield code="a">GR-PeUP</subfield>
  </datafield>
  <datafield tag="082" ind1="0" ind2="0">
   <subfield code="a">949.507 ΜΑΚ</subfield>
  </datafield>
  <datafield tag="245" ind1="0" ind2="0">
   <subfield code="a">Μακρόνησος :</subfield>
   <subfield code="b">ιστορικός, πολιτιστικός τόπος /</subfield>
   <subfield code="c">συλλογή κειμένων - επιμέλεια Κώστας Διαφωνίδης, Λουίζα Γρηγοράκου-Μάρθα, Ρένα Λευκαδίτου-Παπαντωνίου. </subfield>
  </datafield>
  <datafield tag="260" ind1=" " ind2=" ">
   <subfield code="a">Αθήνα :</subfield>
   <subfield code="b">Υπουργείο Πολιτισμού,</subfield>
   <subfield code="c">1994.</subfield>
  </datafield>
  <datafield tag="300" ind1=" " ind2=" ">
   <subfield code="a">240 σ. :</subfield>
   <subfield code="b">εικ. ;</subfield>
   <subfield code="c">24 εκ.</subfield>
  </datafield>
  <datafield tag="504" ind1=" " ind2=" ">
   <subfield code="a">Βιβλιογραφία: σ. [238]</subfield>
  </datafield>
  <datafield tag="610" ind1="1" ind2="4">
   <subfield code="a">Μακρόνησος (Στρατόπεδο συγκέντρωσης)</subfield>
  </datafield>
  <datafield tag="651" ind1=" " ind2="4">
   <subfield code="a">Μακρόνησος (Κυκλάδες)</subfield>
  </datafield>
  <datafield tag="651" ind1=" " ind2="0">
   <subfield code="a">Cyclades (Greece)</subfield>
   <subfield code="x">History.</subfield>
  </datafield>
  <datafield tag="700" ind1="1" ind2=" ">
   <subfield code="a">Διαφωνίδης, Κώστας.</subfield>
  </datafield>
  <datafield tag="700" ind1="1" ind2=" ">
   <subfield code="a">Γρηγοράκου-Μάρθα, Λουΐζα.</subfield>
  </datafield>
  <datafield tag="700" ind1="1" ind2=" ">
   <subfield code="a">Λευκαδίτου-Παπαντωνίου, Ρένα.</subfield>
  </datafield>
  <datafield tag="852" ind1=" " ind2=" ">
   <subfield code="a">INST</subfield>
   <subfield code="b">UNIPILB</subfield>
   <subfield code="c">MAIN</subfield>
   <subfield code="e">20210811</subfield>
   <subfield code="h">949.507 ΜΑΚ</subfield>
   <subfield code="p">00181934</subfield>
   <subfield code="q">00181934</subfield>
   <subfield code="t">LOAN</subfield>
   <subfield code="y">0</subfield>
   <subfield code="4">1</subfield>
  </datafield>
  <datafield tag="960" ind1=" " ind2=" ">
   <subfield code="a">ΜΑΡΙΑ ΒΕΛ</subfield>
  </datafield>
 </record>
</collection>
